=LDR 00000nam 2200000 4500 =001 INLIS000000000016189 =005 20130612111448 =008 ***********************************Ind** =035 ##$$0010-061300000016189 =041 ##$$a Ind =082 ##$$a 537.507 =090 ##$$a 537.507, Tug p =100 ##$$a Tugiyono K.S =245 ##$$a Pendidikan keterampilan elektronika, Untuk SMP, Tugiyono K.S. dkk =260 ##$$a 1990 $b Solo =300 ##$$a 80 hlm., ilus, 22 cm =650 ##$$a Elektronika studi dan pengajaran =700 ##$$a Tugiyono K.S. dkk =850 ##$$a NBPNMAT